| 000 | 00542nam a2200181Ia 4500 | ||
|---|---|---|---|
| 999 |
_c29586 _d29586 |
||
| 003 | OSt | ||
| 005 | 20210112104834.0 | ||
| 008 | 190216s9999||||xx |||||||||||||| ||und|| | ||
| 020 | _a9788188013319 | ||
| 040 | _coclc | ||
| 082 |
_a494.81282421 _bTHO/V |
||
| 100 |
_aThomas, K V _97003 |
||
| 245 | 0 |
_aVivarthana Vichinthanam / _cK V Thomas ; Mathew J Muttath |
|
| 260 |
_bLipi Publications, _aKozhikode: _c2009. |
||
| 300 | _a88p | ||
| 650 | _aMalayalam | ||
| 942 |
_cBK _2ddc _h494.81282421 _iTHO/V _k494.81282421 _mTHO/V |
||